000 00926nam a2200265Ia 4500
001 21989
005 20260320113331.0
008 260320s9999||||xx |||||||||||||| ||und||
020 _a9788431321987
041 _aESP
082 _a121
_bL724
100 _aLlano Cifuentes, Carlos,
_eAUT
245 0 _aEtiología del error :
_bapéndice de textos de Santo Tomás de Aquino sobre la falsedad y el error
246 _a
_5
_b
250 _aPrimera edición
260 _aPamplona :
_bEdiciones Universidad de Navarra,
_c2004
300 _a108 páginas :
_b
_c24 cm.
_e
440 _a(Colección de pensamiento medieval y renacentistas
_n; número 57)
_v
650 _aFIP
653 _aError; Antropología; Ética
654 _aCHU
700 _a
_c
856 _uhttps://0u20fmurg-y-https-research-ebsco-com.itmsp.museknowledge.com/c/qxo6us/search
_zVéase además: Base de datos EBSCOhost
942 _cLIB
_dJUS
_fMAT
_2ddc
_n
999 _c21989
_d21989